ČSN 24 2100 Podávací a upínací kleštinová pouzdra pro revolverové soustruhy
| Format: | Book |
|---|---|
| Language: | Undetermined |
| Published: |
Praha
ÚNM
1960
|
MARC
| LEADER | 00000nam a2200000 a 4500 | ||
|---|---|---|---|
| 001 | vtls001322901 | ||
| 003 | SK-MaSNL | ||
| 005 | 20260223125254.0 | ||
| 008 | 980302s1960 xx 0 und | ||
| 035 | |a SNK000275586 | ||
| 040 | |a SNK |b slo |c SNK |e AACR2 | ||
| 245 | 1 | |a ČSN 24 2100 Podávací a upínací kleštinová pouzdra pro revolverové soustruhy | |
| 260 | |a Praha |b ÚNM |c 1960 | ||
| 999 | |c 545280 |d 547210 | ||
| 952 | |t P60, <04>, [BOOK], {604} |a SNK |b SNK |y VYP |7 0 |p 17A0126422 |o snkČSN 24 2100 |0 0 |1 0 |4 0 |d 1998-03-02 |l 0 |r 2005-01-02 00:00:00 |w 2026-02-23 | ||


